000 00229nam a22000857a 4500
008 160630b xxu||||| |||| 00| 0 eng d
100 _91613
_aSarna, C.S., et al
245 _aNew Course Secondary Mathematics
260 _aN.D
_b Arya
_c2004
999 _c1338
_d1338